| 000 | 02201 a2200205 4500 | ||
|---|---|---|---|
| 001 | 46669 | ||
| 005 | 20260407155737.0 | ||
| 008 | 260407a1982 arg spa d | ||
| 003 | AR-UNSa-BCEJYS | ||
| 040 |
_aAR-UNSa-BCEJYS _bspa _cAR-UNSa-BCEJYS |
||
| 080 |
_a347.72 _xSociedades comerciales |
||
| 245 | 1 | 0 | _aSociedades Comerciales según la jurisprudencia y la doctrina |
| 020 | _a978-950-14-1317-5 | ||
| 264 | 1 |
_aBuenos Aires : _bDepalma _c1982 |
|
| 300 |
_a503 p. _c24 cm. |
||
| 505 | _a1. Sociedades irregulares y de hecho – 2. Sociedades colectivas – 3. Sociedades en comandita simples – 4. Sociedades de capital e industria – 5.Sociedades de responsabilidad limitada – 6. Sociedades anónimas: acciones – 7. Sociedades anónimas: administración y representación – 8. Sociedades anónimas: asambleas de acciones – 9. Sociedades anónimas: Balance, capital, competencia, constitución, debentures, disolución y liquidación, domicilio, estatutos utilidades – 10. Sociedades anónimas: documentación contable, escisión, estatutos e I.G.P.J., fusión, intervención judicial. Ley 19.880, libros, mandatos judiciales, personalidad, reclamaciones judiciales, revalúo contable, sindicación de acciones, síndico, sociedades extranjeras, trasformación – 11. Sociedad anónima con participación estatal mayoritaria – 12. Sociedades en comanditas por acciones – 13. Sociedades de economía mixta y sociedades del Estado – 14. Sociedades cooperativas – 15. Sociedades accidentales o en participación – 16. Temas comerciales – 17. Las sociedades y los impuestos: Aspectos de la tributación sobre utilidades societarias – 18. Sociedad anónima con participación estatal mayoritaria: ¿Subtipo de sociedad anónima? – Últimos fallos publicados: 19. Sociedades en general, civiles, de hecho, irregulares, de capital e industria, de responsabilidad limitada, extranjeras – 20. Sociedades por acciones – 21. Comerciantes y sociedades de hecho – 22. Sociedades colectivas, en comanditas simples y de responsabilidad limitada – 23. Sociedades por acciones | ||
| 942 | _cBK | ||
| 590 | _aniveau_biblio:m niveau_hierar:0 | ||
| 100 | 1 | _aCornejo Costas, Emilio | |
| 999 |
_c4228 _d4228 |
||